000 00745nam a22002417a 4500
001 7842
003 FISKH
005 20250811161851.0
008 250811b cb ||||| |||| 00| 0 eng d
020 _a9780140009729
040 _aFISKH
_beng
_cFISKH
_dFISKH
050 _aPR6029.R8
082 _a823
100 _aOrwell, George
245 _aNineteen eighty-four /
_cBy George Orwell
260 _aNew York :
_bPenguin Books ,
_c1949.
300 _a246 pages :
_billustrations ;
_c20 cm .
520 _aPortrays life in a future time when a totalitarian government watches over all citizens and directs all activities.
650 _aDystopian
_vFiction
650 _aTotalitarianism
_vFiction
942 _2ddc
_cBK
_n0
999 _c7842
_d7842